[Event "Challenge"]
[Site "http://www.queenalice.com/game.php?id=1874187"]
[Date "2026.5.31"]
[Round "-"]
[White "Capixaba789"]
[Black "Zero007"]
[Result "1/2-1/2"]
[WhiteElo "1853"]
[BlackElo "2186"]

1. d4 d5 2. Nc3 Nf6 3. f4 Bf5 4. Nf3 Nc6 5. e3 a6 6. Be2 e6 7. O-O h6 8. Ne5
Nxe5 9. fxe5 Ne4 10. Nxe4 Bxe4 11. c3 c5 12. Bf3 Bxf3 13. Qxf3 Qd7 14. Bd2 g5
15. Qf6 Rh7 16. Be1 Bg7 17. Qf3 Rh8 18. Bg3 Rf8 19. a3 c4 20. Qh5 O-O-O 21. a4
Qe8 22. a5 f6 23. Qxe8 Rdxe8 24. exf6 Bxf6 25. Bd6 Be7 26. Bxe7 Rxf1+ 27. Rxf1
Rxe7 28. Rf6 Kd7 29. Rxh6 1/2-1/2

[Event "Challenge"]
[Site "http://www.queenalice.com/game.php?id=1874207"]
[Date "2026.5.31"]
[Round "-"]
[White "Zero007"]
[Black "Capixaba789"]
[Result "1-0"]
[WhiteElo "2159"]
[BlackElo "1857"]

1. e4 e5 2. Nf3 d6 3. d4 exd4 4. Nxd4 Nf6 5. Nc3 Be7 6. Nf5 O-O 7. Nxe7+ Qxe7 8.
Bd3 Bg4 9. f3 Bd7 10. O-O Nc6 11. a3 Ne5 12. Be2 Rfe8 13. Bg5 h6 14. Bxf6 Qxf6
15. Nd5 Qd8 16. c4 a6 17. b3 Bc6 18. a4 b6 19. g3 a5 20. Qd4 Bb7 21. Rad1 Rc8
22. f4 Ng6 23. Bg4 Rb8 24. Rde1 Bxd5 25. exd5 Rxe1 26. Rxe1 Qf8 27. Qe4 Rd8 28.
h4 Nh8 29. h5 f6 30. Bf5 Nf7 31. Be6 Kh8 32. Kf2 Re8 33. Qg6 Ne5 34. fxe5 fxe5+
35. Kg2 1-0